00602nam a2200181Ia 4500003000900000008004100009020001800050040001600068080001300084100003200097245009600129260003800225300001500263650003100278942000700309999001500316952008900331IN-BaIIA211028s9999 xx 000 0 eng d a0-471-09045-X cIIA Library a533bNIC aNicholson Dwight, R.913590 0aIntroduction to plasma theorycR. Nicholson Dwight  aNew YorkbJohn Wiley & Sonsc1983 axii, 292p. aPlasmas-Ionized gas912257 cBK c8053d8053 00104070aBANbBANcGENd1985-01-16l0o533/ NICp8886r2021-11-05w1985-01-16yBK